Nationalities of Famous Footballers - Statistiques

Statistiques générales
  • Ce quiz a été pris 31 fois
  • Le résultat moyen est 11 sur 15
Statistiques - réponses
Hint Réponse % Correct
Mohamed Salah Egypt
92%
Luka Modrić Croatia
88%
Erling Haaland Norway
81%
Heung-min Son South Korea
77%
Luis Díaz Colombia
73%
Victor Osimhen Nigeria
73%
Pepe Portugal
73%
Alphonso Davies Canada
69%
Khvicha Kvaratskhelia Georgia
69%
Riyad Mahrez Algeria
65%
Federico Valverde Uruguay
65%
Henrikh Mkhitaryan Armenia
62%
Viktor Gyökeres Sweden
62%
Ederson Brazil
58%
Jan Oblak Slovenia
50%
Aucun quiz correspondant
Distribution des résultats
% des personnes avec chaque résultat
Percentile par nombre de réponses
Votre historique - résultats
Vous n’avez pas pris ce quiz